header

A nation of fliers (Record no. 57819)

MARC details
000 -LEADER
fixed length control field 01241nam a2200301Ia 4500
100 1# - MAIN ENTRY--AUTHOR NAME
Personal name Fritzsche, Peter.
245 12 - TITLE STATEMENT
Title A nation of fliers
260 ## - PUBLICATION, DISTRIBUTION, ETC. (IMPRINT)
Place of publication Cambridge, MA :
Name of publisher Harvard University Press,
Year of publication 1992.
300 ## - PHYSICAL DESCRIPTION
Number of Pages xii, 282 p. :
Other physical details ill.
650 #0 - SUBJECT ADDED ENTRY--TOPICAL TERM
Topical Term Aeronautics
Topical Term Aerospace engineering
856 40 - ELECTRONIC LOCATION AND ACCESS
Uniform Resource Identifier http://site.ebrary.com/lib/rucke/Doc?id=10314233

No items available.

© 2026 Rongo University
Contact us: librarian | system librarian | Rongo university